El buho fantasma y los ratones / (Record no. 28361)

MARC details
000 -LEADER
fixed length control field 00780nam a22002537a 4500
001 - CONTROL NUMBER
control field sjds
003 - CONTROL NUMBER IDENTIFIER
control field sjds
005 - DATE AND TIME OF LATEST TRANSACTION
control field 20230920181441.0
008 - FIXED-LENGTH DATA ELEMENTS--GENERAL INFORMATION
fixed length control field 230920b |||||||| |||| 00| 0 spa d
020 ## - INTERNATIONAL STANDARD BOOK NUMBER
International Standard Book Number 9789681645687
020 ## - INTERNATIONAL STANDARD BOOK NUMBER
International Standard Book Number 9681645685
040 ## - CATALOGING SOURCE
Transcribing agency sjds
041 ## - LANGUAGE CODE
Language code of text/sound track or separate title spa
100 1# - MAIN ENTRY--PERSONAL NAME
Personal name Heuck, Sigrid.
245 13 - TITLE STATEMENT
Title El buho fantasma y los ratones /
Statement of responsibility, etc. Sigrid Heuck, Francisco Nava Bouchaín, Maria Ofelia Arruti
246 ## - VARYING FORM OF TITLE
Title proper/short title El buho fantasma y los ratones
260 ## - PUBLICATION, DISTRIBUTION, ETC. (IMPRINT)
Place of publication, distribution, etc. Mexico :
Name of publisher, distributor, etc. Fondo de Cultura Economica,
Date of publication, distribution, etc. 1994.
300 ## - PHYSICAL DESCRIPTION
Extent 23 pages :
Other physical details illustrations ;
Dimensions 19 cm
440 ## - SERIES STATEMENT/ADDED ENTRY--TITLE
Title A la orilla del viento ;
Number of part/section of a work 60
500 ## - GENERAL NOTE
General note "Para los que empiezan a leer"--Page 4 of cover
700 1# - ADDED ENTRY--PERSONAL NAME
Personal name Nava Bouchaín, Francisco
700 1# - ADDED ENTRY--PERSONAL NAME
Personal name Arruti, Maria Ofelia
942 ## - ADDED ENTRY ELEMENTS (KOHA)
Koha item type Libro/Book
Holdings
Withdrawn status Lost status Damaged status Not for loan Home library Current library Shelving location Date acquired Inventory number Total Checkouts Full call number Barcode Date last seen Price effective from Koha item type
        San Juan Del Sur -- Biblioteca San Juan Del Sur -- Biblioteca Children's Area 20/09/2023 Inventory date: 15-5-25   JFI ESPANOL 30030501 20/09/2023 20/09/2023 Libro/Book

Powered by Koha